Nuestro director representa a España en el Congreso de Teatro de la UNESCO
Colección:
San Jorge,
; núm. 15 (juliol 1954), pàg 114
Otros Autores:
Congreso Internacional de Teatro de la Unesco
Idioma:
Español
MARC
| LEADER | 00000naa a2200000 a 4500 | ||
|---|---|---|---|
| 003 | Arxiu | ||
| 005 | 20260324181030.0 | ||
| 008 | 160829s1954 spc xx s spa c | ||
| 040 | |a AGDB | ||
| 245 | 0 | 0 | |a Nuestro director representa a España en el Congreso de Teatro de la UNESCO |
| 490 | |a San Jorge, |v núm. 15 (juliol 1954), pàg 114 | ||
| 600 | 1 | 0 | |9 20224 |a Díaz-Plaja, Guillermo, |d 1909-1984 |
| 610 | 2 | 0 | |a UNESCO |9 52950 |
| 650 | 0 | |a Teatre |x Congressos |9 36496 |2 Arxiu | |
| 700 | |a Congreso Internacional de Teatro de la Unesco |9 26049 | ||
| 773 | |g Núm. 15 (juliol 1954), pàg 114 |t San Jorge. | ||
| 901 | |a Arxiu | ||
| 942 | |n 1 |2 udc |c ART | ||
| 952 | |0 0 |1 0 |4 0 |6 REV509 |7 1 |9 65084 |a Arxiu |b Arxiu |d 2023-01-24 |l 0 |o Rev-509 |r 2023-01-24 00:00:00 |w 2023-01-24 |y ARXIU |z També disponible a Rev-523 | ||
| 999 | |c 46445 |d 46445 | ||